00243nam a2200085Ia 4500008004100000100002600041245003900067260004200106260000900148170620s9999 xx 000 0 und d aNarasaiah- M. Lakshmi 0aEducation and Economic Development bNew Delhi- Discovery Publishing House c2006